| 000 | 00443nam a22001697a 4500 | ||
|---|---|---|---|
| 003 | MACL | ||
| 005 | 20160115125938.0 | ||
| 008 | 160115b xxu||||| |||| 00| 0 eng d | ||
| 040 | _cMACL | ||
| 041 | _aEnglish | ||
| 082 | _a900/CHA | ||
| 100 |
_aBhattacharyya,Amit _917646 |
||
| 245 | _aThe Chinese Civilizations Hsia to the Ch'in Dynasty 2207 BC-206 BC | ||
| 260 |
_aKolkata _bRachitya _c2011 |
||
| 650 |
_aHistory _932554 |
||
| 942 |
_2ddc _cBK |
||
| 999 |
_c52415 _d52415 |
||